| 000 | 00591 a2200193 4500 | ||
|---|---|---|---|
| 999 |
_c178264 _d178264 |
||
| 003 | dpl | ||
| 005 | 20210323170714.0 | ||
| 008 | 210323b ||||| |||| 00| 0 eng d | ||
| 020 | _a9781405466769 | ||
| 035 | _aB-221000 | ||
| 040 | _cDBAD/PUB | ||
| 082 | 1 | 4 |
_a591 _bWAL |
| 100 | _aWalters, Martin | ||
| 245 | 1 |
_aAnimals Of The World / _cMartin Walters and Jinny Johnson |
|
| 260 |
_aUK _bParragon _c2007 |
||
| 270 |
_aParragon Queen Street house 4 Queen Street Bath BA1 1HE , UK _bUK |
||
| 300 |
_a144p. _bcol. photos _c23 cm (HB) |
||
| 942 |
_adpl _cEN _2ddc _h591 _mWAL |
||